Cronica de Don Pedro Niño, Conde de Buelna (Record no. 5226)

MARC details
000 -LEADER
campo de control de longitud fija 01786npm a2200289 i 4500
001 - NÚMERO DE CONTROL
campo de control 5226
003 - IDENTIFICADOR DE NÚMERO DE CONTROL
campo de control ES-MaACL
005 - FECHA Y HORA DE LA ÚLTIMA TRANSACCIÓN
campo de control 20251012205634.0
007 - CAMPO FIJO DE DESCRIPCIÓN FÍSICA--INFORMACIÓN GENERAL
campo de control de longitud fija hzrazu bucu
008 - DATOS DE LONGITUD FIJA--INFORMACIÓN GENERAL
campo de control de longitud fija 900425r19901782sp a 00010 spa d
080 ## - NÚMERO DE LA CLASIFICACIÓN DECIMAL UNIVERSAL
Número de la Clasificación Decimal Universal 9(46)"13"(00)
100 1# - ENTRADA PRINCIPAL--NOMBRE DE PERSONA
Nombre de persona Díez de Games, Gutierre.
9 (RLIN) 44703
245 10 - MENCIÓN DEL TÍTULO
Título Cronica de Don Pedro Niño, Conde de Buelna
Resto del título : [Microforma] /
Mención de responsabilidad, etc. por Gutierre Diez de Games ; la publica Eugenio LLaguno Amirola.
260 ## - PUBLICACIÓN, DISTRIBUCIÓN, ETC.
Lugar de publicación, distribución, etc. Madrid :
Nombre del editor, distribuidor, etc. Ateneo Cientifico, Literario y Artistico,
Fecha de publicación, distribución, etc. 1990.
300 ## - DESCRIPCIÓN FÍSICA
Extensión 1 carrete de microfilme :
Otras características físicas negativo ;
Dimensiones 16 mm.
490 1# - MENCIÓN DE SERIE
Mención de serie Crónicas de los Reyes de Castilla
500 ## - NOTA GENERAL
Nota general Publicado originalmente: Madrid, Imp. de Antonio Sancha, 1782. Encuadernado con: 1) Historia del Gran Tamorlan, e itinerario y enarraccion del viage, y relacion de la embajada / que Ruy Gonzalez del Clavijo le hizo por mandado del rey Don Henrique el Tercero de Castilla ; y un breve discurso fecho por Gonzalo Argote de Molina... 2a. imp. a que se ha añadido la vida del Gran Tamorlan sacada de los comentarios que escribio Garcia de Silva y Figueroa. 2) Sumario de los reyes de España / por el despensero mayor de la reyna Doña Leonor... con las alteraciones y adiciones que posteriormente le hizo un anonimo ; publicado por Eugenio de LLaguno Amirola. Madrid, 1781 (Antonio Sancha)
650 #4 - PUNTO DE ACCESO ADICIONAL DE MATERIA--TÉRMINO DE MATERIA
Término de materia o nombre geográfico como elemento de entrada Obras anteriores a 1800.
9 (RLIN) 15661
700 1# - ENTRADA AGREGADA--NOMBRE PERSONAL
Nombre de persona Llaguno y Amírola, Eugenio,
Fechas asociadas al nombre 1724-1799
9 (RLIN) 72661
700 1# - ENTRADA AGREGADA--NOMBRE PERSONAL
Nombre de persona González de Clavijo, Ruy,
Fechas asociadas al nombre -1412
9 (RLIN) 58539
700 1# - ENTRADA AGREGADA--NOMBRE PERSONAL
Nombre de persona Argote de Molina, Gonzalo,
Fechas asociadas al nombre 1549-1596
9 (RLIN) 22705
700 1# - ENTRADA AGREGADA--NOMBRE PERSONAL
Nombre de persona Silva y Figueroa, García de,
Fechas asociadas al nombre 1550-1624
9 (RLIN) 106411
830 10 - PUNTO DE ACCESO ADICIONAL DE SERIE-TÍTULO UNIFORME
Título uniforme Crónicas de los reyes de Castilla
9 (RLIN) 177248
852 4# - LOCALIZACIÓN
Ubicación ES-MaACL
Número de control de estantería MC-49
itemnumber 5343
942 ## - ELEMENTOS DE ENTRADA SECUNDARIOS (KOHA)
Fuente del sistema de clasificación o colocación Clasificación decimal universal
Tipo de ítem Koha Microforma
Holdings
Estatus retirado Estado de pérdida Fuente del sistema de clasificación o colocación Estado de daño No para préstamo Colección Biblioteca de origen Biblioteca actual Ubicación en estantería Fecha de adquisición Total de préstamos Signatura topográfica completa Código de barras Visto por última vez Precio de reemplazo Tipo de ítem Koha
    Clasificación decimal universal     Libros del s. XVIII Biblioteca del Ateneo de Madrid Biblioteca del Ateneo de Madrid Depósito 1 17/01/2008   MC-49 1005289 23/02/2023 23/02/2023 Microforma